000 01605nam a22003853i 4500
001 EBC7129950
003 MiAaPQ
005 20240326191932.0
007 cr cnu||||||||
008 221110s2022 xx o ||||0 ger d
020 _a9783835348967
_q(electronic bk.)
020 _z9783835352100
040 _aMiAaPQ
_beng
_cMiAaPQ
100 1 _aGroßmann, Johannes.
_918164
_4aut
_eauthor
245 1 0 _aZwischen Fronten :
_bDie deutsch-französische Grenzregion und der Weg in den Zweiten Weltkrieg.
_cJohannes Großmann
250 _a1st ed.
264 1 _aGöttingen :
_bWallstein Verlag,
_c2022.
264 4 _c{copy}2022.
300 _a1 online resource (545 pages)
336 _aText
_btxt
_2rdacontent
337 _aComputermedien
_bc
_2rdamedia
338 _aOnline Resource
_bcr
_2rdacarrier
490 1 _aModerne Zeit. Neue Forschungen zur Gesellschafts- und Kulturgeschichte des 19. und 20. Jahrhunderts ;
_vv.34
500 _aE-Book-ProQuest / Fernzugriff nach Registrierung möglich
650 4 _aGrenzgebiet
_918176
650 4 _aZweiter Weltkrieg
_96409
651 4 _aDeutschland
_918177
651 4 _aFrankreich
_918178
655 4 _aElectronic books.
655 _aFernzugriff
_9230
776 0 8 _iPrint version:
_aGroßmann, Johannes
_tZwischen Fronten
_dGöttingen : Wallstein Verlag,c2022
_z9783835352100
830 0 _aModerne Zeit. Neue Forschungen zur Gesellschafts- und Kulturgeschichte des 19. und 20. Jahrhunderts
_9998
856 4 0 _uhttps://ebookcentral.proquest.com/lib/maxweberstiftung-ebooks/detail.action?docID=7129950
_zVolltext
942 _cEB
_2z
999 _c61172
_d61172